书目信息 |
| 题名: |
内部审计学
|
|
| 作者: | 张建平 编著 | |
| 分册: | ||
| 出版信息: | 大连 东北财经大学出版社 2020.9 |
|
| 页数: | 376页 | |
| 开本: | 26cm | |
| 丛书名: | ||
| 单 册: | ||
| 中图分类: | F239.45 | |
| 科图分类: | ||
| 主题词: | 内部审计--nei bu shen ji--教材 | |
| 电子资源: | ||
| ISBN: | 978-7-5654-3962-9 | |
| 000 | 01050nam0 2200265 450 | |
| 001 | 2161470623 | |
| 005 | 20211003084238.22 | |
| 010 | @a978-7-5654-3962-9@dCNY52.00 | |
| 100 | @a20201110d2020 em y0chiy0120 ea | |
| 101 | 0 | @achi |
| 102 | @aCN@b210000 | |
| 105 | @ay z 000yy | |
| 106 | @ar | |
| 200 | 1 | @a内部审计学@Anei bu shen ji xue@dInternal auditing@f张建平编著@zeng |
| 205 | @a2版 | |
| 210 | @a大连@c东北财经大学出版社@d2020.9 | |
| 215 | @a376页@d26cm | |
| 300 | @a资源拓展-应用型会计系列规划教材 国家级精品课程配套教材 | |
| 330 | @a本书共分四部分。第一部分,基础理论篇,阐述内部审计基础知识和基本原理;第二部分,管理理论篇,共分为四章:内部审计机构管理、内部审计人力资源管理、内部审计项目管理、内部审计人际关系;第三部分,技术方法篇,共分为两章:内部审计程序、内部审计技术及应用;第四部分,实务热点篇,共分为五章。 | |
| 510 | 1 | @aInternal auditing@zeng |
| 606 | 0 | @a内部审计@Anei bu shen ji@j教材 |
| 690 | @aF239.45@v5 | |
| 701 | 0 | @a张建平@Azhang jian ping@4编著 |
| 801 | 0 | @aCN@b百万庄@c20210929 |
| 905 | @b1303002-05@dF239.45@e674=2@f4 | |
| 内部审计学=Internal auditing/张建平编著.-2版.-大连:东北财经大学出版社,2020.9 |
| 376页;26cm |
| 资源拓展-应用型会计系列规划教材 国家级精品课程配套教材 |
| ISBN 978-7-5654-3962-9:CNY52.00 |
| 本书共分四部分。第一部分,基础理论篇,阐述内部审计基础知识和基本原理;第二部分,管理理论篇,共分为四章:内部审计机构管理、内部审计人力资源管理、内部审计项目管理、内部审计人际关系;第三部分,技术方法篇,共分为两章:内部审计程序、内部审计技术及应用;第四部分,实务热点篇,共分为五章。 |
| ● |
| 相关链接 |
|
|
|
|
正题名:内部审计学
索取号:F239.45/674=2
 
预约/预借
| 序号 | 登录号 | 条形码 | 馆藏地/架位号 | 状态 | 备注 |
| 1 | 1303002 | 213030021 | 第一样本阅览室/ [索取号:F239.45/674=2] | 在馆 | |
| 2 | 1303003 | 213030030 | 第一借阅区/ [索取号:F239.45/674=2] | 在馆 | |
| 3 | 1303004 | 213030049 | 第一借阅区/ [索取号:F239.45/674=2] | 在馆 | |
| 4 | 1303005 | 213030058 | 第一借阅区/ [索取号:F239.45/674=2] | 在馆 |